000 00525nam a2200181 4500
001 131095
003 ES-MaACL
005 20230906193920.0
007 t|
008 070214s1948 sp r ||||1| spa d
100 1 _aRoda, Rafael de.
_998092
245 1 3 _aLa organización de las profesiones /
_cRafael de Roda.
260 _aMadrid :
_bReus,
_c1948.
300 _a180 p. ;
_c20 cm.
500 _aPrecede al Tit : Instituciones Sociales.
852 _aES-MaACL
_jC-11801
_bR.38861
852 _aES-MaACL
_jC-5636
_bR.26168
999 _c131095
_d131095